Statistics for HOW MUCH OF A FAN ARE U (JOJO SIWA)

Click here to take the quiz!

General Stats

  • This quiz has been taken 6 times
  • The average score is 7 of 10

Answer Stats

QuestionAnswer% Correct
What is Jojo's websites name?Itsjojosiwa.com
100%
What year was Jojo born?2003
83%
What year did boomerang come out2016
83%
Guess what song this lyric goes to You could take a pic if you'd like to But you better be quick 'cause I might moveHold the drama
83%
What is her dads name?Tom
83%
What is her brothers name?Jayden
67%
what are these lyrics from "I know you got the felling like its Saturday night"Bop
50%
Guess what song this lyric goes to Its time to celebrate woo hooIt's Time to Celebrate
50%
What is her moms name?Jessalynn
50%
what song are these lyrics from:This is my life this is how i live so many thing got a lot to givethis is my story
50%

Score Distribution

Percentile by Number Answered

Percent of People with Each Score

Your Score History

You have not taken this quiz